My name is Stilton, Geronimo Stilton / (Record no. 3904)

MARC details
000 -LEADER
fixed length control field 01466cam a2200301 a 4500
005 - DATE AND TIME OF LATEST TRANSACTION
control field 20240522160231.0
020 ## - INTERNATIONAL STANDARD BOOK NUMBER
International Standard Book Number 0439691427 (pbk.)
040 ## - CATALOGING SOURCE
Original cataloging agency HT#
Transcribing agency HT#
Modifying agency OCLCQ
-- EHH
-- VP@
-- BAKER
-- OCLCQ
-- XY4
-- DLC
Language of cataloging eng
050 00 - LIBRARY OF CONGRESS CALL NUMBER
Classification number PZ7.M9812
082 00 - DEWEY DECIMAL CLASSIFICATION NUMBER
Classification number 853.92
100 1# - MAIN ENTRY--PERSONAL NAME
Personal name Stilton, Geronimo
245 10 - TITLE STATEMENT
Title My name is Stilton, Geronimo Stilton /
Statement of responsibility, etc. Geronimo Stilton
250 ## - EDITION STATEMENT
Edition statement First printing , May 2005
260 ## - PUBLICATION, DISTRIBUTION, ETC.
Place of publication, distribution, etc. New York :
Name of publisher, distributor, etc. Scholastic ;
Date of publication, distribution, etc. 2005
300 ## - PHYSICAL DESCRIPTION
Extent 102 pages :
Other physical details color illustrations : maps ;
Dimensions 20 cm.
490 ## - SERIES STATEMENT
Series statement Geronimo Stilton
505 ## - FORMATTED CONTENTS NOTE
Formatted contents note H <br/>
520 ## - SUMMARY, ETC.
Summary, etc. Enter the world of Geronimo Stilton, where another funny adventure is always right around the corner. Each book is a fast-paced adventure with lively art and a unique format kids 7-10 will love.Have you met my very young assistant editor, Pinky Pick? She is only thirteen years old, but she is one of the cleverest mice I've ever known. If you've ever wondered how Pinky came to work for me at The Rodent's Gazette, this is the book for you! It's a looooong story... and one that's full of adventure, laughs, and of course, like all of my books, lots of embarrassing moments for yours truly!
521 0# - TARGET AUDIENCE NOTE
Target audience note 450 <br/>
Source Lexile <br/>
521 1# - TARGET AUDIENCE NOTE
Target audience note H <br/>
Source Raz-Plus <br/>
650 #0 - SUBJECT ADDED ENTRY--TOPICAL TERM
Topical term or geographic name entry element Mice
Form subdivision Fiction.
650 #1 - SUBJECT ADDED ENTRY--TOPICAL TERM
Topical term or geographic name entry element Mice
Form subdivision Fiction.
650 #1 - SUBJECT ADDED ENTRY--TOPICAL TERM
Topical term or geographic name entry element Journalists
Form subdivision Fiction.
650 #1 - SUBJECT ADDED ENTRY--TOPICAL TERM
Topical term or geographic name entry element Humorous stories.
906 ## - LOCAL DATA ELEMENT F, LDF (RLIN)
a 7
b cbc
c copycat
d 2
e ncip
f 20
g y-gencatlg
942 ## - ADDED ENTRY ELEMENTS (KOHA)
Source of classification or shelving scheme Dewey Decimal Classification
Koha item type Books
Suppress in OPAC No
999 ## -
-- 3904
-- 3904
Holdings
Withdrawn status Lost status Source of classification or shelving scheme Damaged status Not for loan Collection Home library Current library Shelving location Date acquired Total Checkouts Full call number Barcode Date last seen Price effective from Koha item type
    Dewey Decimal Classification     Fiction Footprints International School Library Network Toul Kork Campus Footprints International School Library Network Toul Kork Campus   05/22/2024   STI 853.92 PZ7.M9812 FIS05284 05/22/2024 05/22/2024 Books